STRATEGIC MANAGEMENT: CONCEPTS AND CASES (Record no. 75735)
[ view plain ]
| 000 -LEADER | |
|---|---|
| fixed length control field | 00253nam a2200097Ia 4500 |
| 050 ## - LIBRARY OF CONGRESS CALL NUMBER | |
| Classification number | HD30.28.T496 2001 |
| 100 ## - MAIN ENTRY--PERSONAL NAME | |
| Personal name | ARTHUR A.THOMPSON |
| 245 #0 - TITLE STATEMENT | |
| Title | STRATEGIC MANAGEMENT: CONCEPTS AND CASES |
| 942 ## - ADDED ENTRY ELEMENTS (KOHA) | |
| Koha item type | Long Loan Book |
| Withdrawn status | Lost status | Source of classification or shelving scheme | Damaged status | Not for loan | Collection | Home library | Current library | Shelving location | Date acquired | Inventory number | Total checkouts | Full call number | Barcode | Date last seen | Copy number | Price effective from | Koha item type |
|---|---|---|---|---|---|---|---|---|---|---|---|---|---|---|---|---|---|
| Library of Congress Classification | Business & Economics | Kisii University Library | Kisii University Library | On Display | 09/15/2023 | 49996 | HD 30.28 .T496 2001 | 000000017928 | 09/15/2023 | C.1 | 09/15/2023 | Long Loan Book |